Direito eleitoral : (Record no. 478)

MARC details
000 -LÍDER
Campo Fixo de Controle 00791nam a2200229 a 4500
001 - NÚMERO DE CONTROLE
Campo de Controle 478
003 - IDENTIFICAÇÃO DO NÚMERO DE CONTROLE
Campo de Controle BR-CuiBMT
005 - DATA E HORA DA ÚLTIMA ATUALIZAÇÃO
Campo de Controle 20231129053113.0
008 - DADOS FIXOS
Dados Fixos 231107s2010 rsb 001 0 por d
020 ## - INTERNATIONAL STANDARD BOOK NUMBER
Nº do ISBN 9788573486889
040 ## - AGÊNCIA CATALOGADORA
Código da Agência Catalogadora BR-CuiBMT
Agência que transcreveu o registro BR-CuiBMT
080 ## - Nº DA CLASSIFICAÇÃO DECIMAL UNIVERSAL
Nº edição CDU 2007
Nº Class. CDU 342.8
090 ## - NÚMERO DE CHAMADA
Nº classificação 342.8
Cutter M623d
Ano/Edição 7. ed.
100 1# - ENTRADA PRINCIPAL -- AUTOR PESSOAL
Nome pessoal Michels, Vera Maria Nunes
245 10 - TÍTULO PRINCIPAL
Título principal Direito eleitoral :
Subtítulo atualizado com a reforma eleitoral da Lei 12.034/09, que modificou a lei eleitoral, a lei dos partidos políticos e o Código eleitoral /
Indicação de responsabilidade Vera Maria Nunes Michels.
250 ## - EDIÇÃO
Edição 7. ed., rev. e atual.
260 ## - PUBLICAÇÃO, DISTRIBUIÇÃO, ETC.
Local de publicação Porto Alegre :
Editora Livraria do advogado,
Data 2010.
300 ## - DESCRIÇÃO FÍSICA
N. páginas ou volumes 280 p. ;
Dimensões 23 cm
504 ## - NOTA DE BIBLIOGRAFIA, ETC.
Nota de bibliografia Inclui bibliografia e índice.
650 ## - ASSUNTO TÓPICO
Cabeçalho tópico ou nome geográfico Direito eleitoral
Subdivisão geográfica Brasil
942 ## - ELEMENTOS DE ENTRADA ADICIONAIS (KOHA)
Fonte de classificação ou esquema de arquivamento Classificação Decimal Universal
Tipo de item do Koha Livros
Holdings
Estado: removido Estado: perdido Fonte de classificação ou esquema de arquivamento Estado: danificado Indisponível para empréstimo Localização permanente Localização atual Data de aquisição Total Checkouts Número de Chamada completo Código de barras Date last seen Número do exemplar Preço efetivo a partir de Tipo de item (Koha)
    Classificação Decimal Universal     Biblioteca da Escola Superior de Contas do TCE/MT Biblioteca da Escola Superior de Contas do TCE/MT 02/04/2013   342.8 M623d 7. ed. BIBTCEMT23110237 07/11/2023 Ex. 1 07/11/2023 Livros

Powered by Koha